| 000 | 00614nam a22002297a 4500 | ||
|---|---|---|---|
| 003 | OSt | ||
| 005 | 20140310183028.0 | ||
| 008 | 130218t xxu||||| |||| 00| 0 eng d | ||
| 020 | _a9712334546 | ||
| 050 |
_aQC 33 _b.C357 2002 |
||
| 082 |
_aFIL 530.078 _b.C357 2002 |
||
| 245 |
_aPhysics laboratory manual on mechanics and energy _cCatchillar, Gerry C. |
||
| 260 |
_aManila _bPublished by Rex Book Store _c2002 |
||
| 300 |
_a91 p. _c25 cm. |
||
| 521 | _acollege students | ||
| 526 | _c1210L-1700L | ||
| 541 | _j1 | ||
| 541 | _j2 | ||
| 541 | _j3 | ||
| 562 | _e3 | ||
| 942 |
_2lcc _cBK _kFIL |
||
| 999 |
_c18422 _d18422 |
||